Bruges-la-Morte : a novel /

Bibliographic Details
Main Author: Rodenbach, Georges, 1855-1898
Format: Book
Language:English
French
Published: Paisley, Scotland : Wilfion Books ; 1986.
Series:Genius of the Low Countries series ; vol. 2.

MARC

Tag First Indicator Second Indicator Subfields
LEADER 00000cam a2200000 a 4500
001 in00000009053
005 20151007051451.0
008 860813s1986 stk b 00011 eng
010 |a  86051023  
020 |a 0905075234 (pbk.) :  |c £6.95 ($12.00 U.S.) 
035 |a (OCoLC)15162022 
035 |9 AAA3126AM 
040 |a DLC  |c DLC  |d m/c  |d TXA  |d UtOrBLW 
041 1 |a eng  |a fre 
049 |a TXAM  |c [A11027389] 
050 0 0 |a PQ2388.R413  |b B713 1986 
082 0 |a 843  |2 19 
100 1 |a Rodenbach, Georges,  |d 1855-1898. 
240 1 0 |a Bruges-la-Morte.  |l English 
245 1 0 |a Bruges-la-Morte :  |b a novel /  |c by Georges Rodenbach ; translated from the French by Philip Mosley. 
264 1 |a Paisley, Scotland :  |b Wilfion Books ;  |c 1986. 
264 2 |a Chester Springs, PA :  |b  Dufour Editions [distributor], 
300 |a xiii, 78 pages ;  |c 21 cm. 
336 |a text  |b txt  |2 rdacontent 
337 |a unmediated  |b n  |2 rdamedia 
338 |a volume  |b nc  |2 rdacarrier 
490 1 |a The Genius of the Low Countries series ;  |v vol. 2 
500 |a Translation of: Bruges-la-Morte. 
500 |a "A RonKon paperback." 
504 |a Bibliography: pages xiii. 
830 0 |a Genius of the Low Countries series ;  |v vol. 2. 
999 |a MARS 
999 f f |s 93222865-b184-336f-86dc-68cea85631c2  |i 1ac04e01-2abe-3b25-91cf-fae2fc71b22b  |t 0 
952 f f |p normal  |a Texas A&M University  |b College Station  |c Sterling C. Evans Library  |d Evans: Library Stacks  |t 0  |e PQ2388.R413 B713 1986  |h Library of Congress classification  |i unmediated -- volume  |m A14811027389 
998 f f |a PQ2388.R413 B713 1986  |t 0  |l Evans: Library Stacks